00648nam a2200217Ia 4500003000900000008004100009040001300050040001300063041000800076100002100084245004200105250001000147260001300157260000900170300001100179300001200190490000600202942000700208999001700215952019800232IT-RoPAU120407s9999 xx 000 0 und d aIT-RoPAU cIT-RoPAU afra aRené Laurentin aL’enjeu du Synode suite du Concile. aParis aDu Seuil c1967 a223 p. c20,5 cm v1 cBK c29362d29362 00102ddc406282_200000000000000_371aPAULUSbPAULUSd2012-04-11l0o282.2.3r2012-04-11 00:00:00w2012-04-11yBKzInserito da: Jole In data: 30 luglio 2011 fondo: Via A.Severo 56 Progr:17097